<?xml version="1.0" encoding="UTF-8"?>
<record
    xmlns:xsi="http://www.w3.org/2001/XMLSchema-instance"
    xsi:schemaLocation="http://www.loc.gov/MARC21/slim http://www.loc.gov/standards/marcxml/schema/MARC21slim.xsd"
    xmlns="http://www.loc.gov/MARC21/slim">

  <leader>01056nam a22001937a 4500</leader>
  <controlfield tag="005">20240409144048.0</controlfield>
  <datafield tag="010" ind1=" " ind2=" ">
    <subfield code="a">HIN-127282</subfield>
  </datafield>
  <datafield tag="020" ind1=" " ind2=" ">
    <subfield code="a"> 9788173294921</subfield>
    <subfield code="c">480.00</subfield>
  </datafield>
  <datafield tag="035" ind1=" " ind2=" ">
    <subfield code="a">HN-99628</subfield>
  </datafield>
  <datafield tag="037" ind1=" " ind2=" ">
    <subfield code="b">DBAD/PUB</subfield>
  </datafield>
  <datafield tag="082" ind1=" " ind2=" ">
    <subfield code="a">921</subfield>
  </datafield>
  <datafield tag="100" ind1=" " ind2=" ">
    <subfield code="a">&#x91A;&#x915;&#x94D;&#x930;&#x935;&#x930;&#x94D;&#x924;&#x940;,&#x924;&#x94D;&#x930;&#x948;&#x932;&#x94B;&#x915;&#x94D;&#x92F;&#x928;&#x93E;&#x925; </subfield>
    <subfield code="9">64486</subfield>
  </datafield>
  <datafield tag="245" ind1=" " ind2=" ">
    <subfield code="a">&#x92E;&#x948;&#x902; &#x935;&#x93F;&#x926;&#x94D;&#x930;&#x94B;&#x939;&#x940;-&#x91A;&#x93F;&#x930; &#x905;&#x936;&#x93E;&#x928;&#x94D;&#x924;  &#x91C;&#x947;&#x932; &#x92E;&#x947;&#x902; &#x924;&#x940;&#x938; &#x92C;&#x930;&#x938; /</subfield>
    <subfield code="c">&#x924;&#x94D;&#x930;&#x948;&#x932;&#x94B;&#x915;&#x94D;&#x92F;&#x928;&#x93E;&#x925; &#x91A;&#x915;&#x94D;&#x930;&#x935;&#x930;&#x94D;&#x924;&#x940;;&#x92E;&#x939;&#x93E;&#x926;&#x947;&#x935; &#x938;&#x93E;&#x939;&#x93E; &#x926;&#x94D;&#x935;&#x93E;&#x930;&#x93E; &#x905;&#x928;&#x941;&#x935;&#x93E;&#x926;&#x93F;&#x924;;&#x938;&#x924;&#x94D;&#x92F;&#x928;&#x93E;&#x930;&#x93E;&#x92F;&#x923; &#x936;&#x930;&#x94D;&#x92E;&#x93E; &#x926;&#x94D;&#x935;&#x93E;&#x930;&#x93E; &#x938;&#x92E;&#x94D;&#x92A;&#x93E;&#x926;&#x93F;&#x924; </subfield>
  </datafield>
  <datafield tag="250" ind1=" " ind2=" ">
    <subfield code="a">1</subfield>
  </datafield>
  <datafield tag="260" ind1=" " ind2=" ">
    <subfield code="a"> &#x926;&#x93F;&#x932;&#x94D;&#x932;&#x940;</subfield>
    <subfield code="b"> &#x936;&#x93F;&#x932;&#x93E;&#x932;&#x947;&#x916; &#x92A;&#x92C;&#x94D;&#x932;&#x93F;&#x936;&#x930;&#x94D;&#x938;</subfield>
    <subfield code="c">2021</subfield>
  </datafield>
  <datafield tag="270" ind1=" " ind2=" ">
    <subfield code="a">4/32, &#x938;&#x941;&#x92D;&#x93E;&#x937; &#x917;&#x932;&#x940;, &#x935;&#x93F;&#x936;&#x94D;&#x935;&#x93E;&#x938; &#x928;&#x917;&#x930; &#x936;&#x93E;&#x939;&#x926;&#x930;&#x93E;, </subfield>
    <subfield code="b"> &#x926;&#x93F;&#x932;&#x94D;&#x932;&#x940;</subfield>
    <subfield code="e">110032</subfield>
  </datafield>
  <datafield tag="300" ind1=" " ind2=" ">
    <subfield code="a">277&#x92A;&#x943;.;</subfield>
    <subfield code="c">23 &#x938;&#x947;&#x92E;&#x940;.(&#x938;&#x91C;&#x93F;&#x932;&#x94D;&#x926;)</subfield>
  </datafield>
  <datafield tag="942" ind1=" " ind2=" ">
    <subfield code="2">ddc</subfield>
    <subfield code="c">HN</subfield>
    <subfield code="h">921</subfield>
    <subfield code="m">&#x924;&#x94D;&#x930;&#x948;&#x932;&#x94B;&#x915;&#x94D;&#x92F;</subfield>
  </datafield>
  <datafield tag="999" ind1=" " ind2=" ">
    <subfield code="c">201974</subfield>
    <subfield code="d">201974</subfield>
  </datafield>
  <datafield tag="952" ind1=" " ind2=" ">
    <subfield code="0">0</subfield>
    <subfield code="1">0</subfield>
    <subfield code="4">0</subfield>
    <subfield code="7">0</subfield>
    <subfield code="8">NFIC</subfield>
    <subfield code="a">BN</subfield>
    <subfield code="b">BN</subfield>
    <subfield code="d">2024-04-08</subfield>
    <subfield code="e">DBAD/PUB</subfield>
    <subfield code="g">480.00</subfield>
    <subfield code="l">0</subfield>
    <subfield code="o">921 &#x924;&#x94D;&#x930;&#x948;&#x932;&#x94B;&#x915;&#x94D;&#x92F;</subfield>
    <subfield code="p">HN-99628</subfield>
    <subfield code="r">2024-04-08 00:00:00</subfield>
    <subfield code="t">1</subfield>
    <subfield code="v">480.00</subfield>
    <subfield code="w">2024-04-08</subfield>
    <subfield code="y">HN</subfield>
  </datafield>
</record>
